00306nam a2200109Ia 4500008004100000082001600041100002700057245001700084260004200101300001000143650004300153211109s9999||||xx |||||||||||||| ||und|| a809 bABE-R aAbercrombie, Lascellus 0aRevaluations bOxford University PressaLondonc1939 a246p. aLiterary CriticismvBiographyxEnglish